000 nam a22 7a 4500
999 _c9274
_d9274
008 180125b ||||| |||| 00| 0 eng d
100 _aNandeedkar D
_95530
245 _aReaching Womahood
260 _aNew Delhi
_bNational Publication
_c1999